000 00370nam a2200145Ia 4500
008 230917s9999||||xx |||||||||||||| ||und||
040 _e214533
_aMAIN
041 _aEnglish
082 _a583.74 R72L
100 _aRose, Ray J, ed.
245 0 _aLegume genomics: Methods and protocols
260 _aNew York
_bHumana Press
_c2013
300 _axi, 316 p.
942 _cBK
999 _c166365
_d166365